000 00623nam a2200181Ia 4500
008 100920s9999 xx 000 0 und d
082 _b65467
_a891.43 थ 93
100 _aनागार्जुन.
245 _aभूल जाओ पुराने सपने.
260 _bनवोदय सेल्स, नयी दिल्ली.
_c1994
300 _a94
_bसाधी
365 _b65
520 _aहिंदी.
630 _aभूल जाओ पुराने सपने.
650 _aहिंदी.
730 _aभूल जाओ पुराने सपने.
942 _cBOOK
999 _c708227
_d708224